[Event "Scarborough CC Late Fall Swiss"]
[Site "Toronto CAN"]
[Date "2006.12.21"]
[Round "8"]
[White "Perez, Michael"]
[Black "Lung, Patrick"]
[Result "1-0"]
[WhiteElo "1653"]
[BlackElo "1436"]
[PlyCount "100"]
[EventDate "2006.11.02"]
[EventType "swiss"]
[EventRounds "8"]
[EventCountry "CAN"]

1. d4 d5 2. c4 e6 3. Nc3 Nf6 4. Nf3 Bd7 5. Bg5 dxc4 6. e4 h6 7. Bh4 g5 8. Bg3
Bb4 9. Qc2 b5 10. O-O-O Qe7 11. Bxc7 a5 12. d5 e5 13. Bxe5 g4 14. Bxf6 Qxf6 15.
Nd4 Qb6 16. e5 Ke7 17. e6 fxe6 18. Qg6 Rf8 19. Qxg4 Bxc3 20. bxc3 b4 21. Bxc4
bxc3 22. Nb3 a4 23. Qd4 Qxd4 24. Nxd4 exd5 25. Bxd5 Ra5 26. Rhe1+ Kd8 27. Bf3
Rf6 28. Rd3 h5 29. Rxc3 h4 30. h3 Raa6 31. Rd3 Kc7 32. Re7 Rf4 33. a3 Rff6 34.
Nc2 Rf5 35. Nb4 Rc5+ 36. Kd2 Rd6 37. Nd5+ Kd8 38. Rh7 Nc6 39. Rh8+ Be8 40. Nf6
Rxd3+ 41. Kxd3 Re5 42. Bxc6 Kc7 43. Bxe8 Rf5 44. Ne4 Rd5+ 45. Ke3 Rd1 46. Bxa4
Ra1 47. Bc2 Rxa3+ 48. Bd3 Kc6 49. Rxh4 Ra4 50. Rh6+ Kc7 1-0

[Event "Scarborough CC Late Fall Swiss"]
[Site "Toronto CAN"]
[Date "2006.12.21"]
[Round "8"]
[White "Rapoport, Alexander"]
[Black "Deiseach, Donald"]
[Result "0-1"]
[WhiteElo "1989"]
[BlackElo "2014"]
[PlyCount "56"]
[EventDate "2006.11.02"]
[EventType "swiss"]
[EventRounds "8"]
[EventCountry "CAN"]

1. d4 d5 2. e3 Nf6 3. Bd3 Nc6 4. c3 Bg4 5. Nf3 e6 6. Nbd2 Bd6 7. Qc2 O-O 8. e4
dxe4 9. Nxe4 Nxe4 10. Bxe4 f5 11. Bg5 Bxf3 12. Bxd8 Bxe4 13. Qb3 Bd5 14. Qc2
Raxd8 15. f3 e5 16. dxe5 Nxe5 17. O-O-O c6 18. b3 b5 19. Rhf1 a5 20. Kb2 a4 21.
h3 axb3 22. axb3 f4 23. Rde1 Be6 24. g4 fxg3 25. f4 Bf5 26. fxe5 Bxc2 27. exd6
Rxf1 28. Rxf1 Be4 0-1

[Event "Scarborough CC Late Fall Swiss"]
[Site "Toronto CAN"]
[Date "2006.12.21"]
[Round "8"]
[White "Smith, Maurice"]
[Black "Garel, Rick"]
[Result "0-1"]
[WhiteElo "1795"]
[BlackElo "1921"]
[PlyCount "68"]
[EventDate "2006.11.02"]
[EventType "swiss"]
[EventRounds "8"]
[EventCountry "CAN"]

1. e4 c6 2. d4 d5 3. e5 Bf5 4. Bd3 Bxd3 5. Qxd3 e6 6. Nf3 c5 7. c3 Nc6 8. O-O
Nge7 9. Bg5 Qb6 10. Qd2 cxd4 11. cxd4 Nf5 12. Be3 Bb4 13. Nc3 Na5 14. Qd3 Bxc3
15. bxc3 Nc4 16. Rfb1 Qc6 17. Rb4 O-O 18. Rab1 b6 19. g4 Nfxe3 20. fxe3 f5 21.
gxf5 Rxf5 22. Rf1 Raf8 23. Kg2 Qe8 24. e4 Qg6+ 25. Kh1 dxe4 26. Qxc4 exf3 27.
Rf2 Rg5 28. Qf1 Qh5 29. Rb1 Rf4 30. Qc4 Qg6 31. Rc1 h5 32. Qc6 Rfg4 33. Rff1 f2
34. h3 Rg1+ 0-1

[Event "Scarborough CC Late Fall Swiss"]
[Site "Toronto CAN"]
[Date "2006.12.21"]
[Round "8"]
[White "Tursman, Richard"]
[Black "Zlatanov, Petar"]
[Result "0-1"]
[WhiteElo "1586"]
[BlackElo "1334"]
[PlyCount "80"]
[EventDate "2006.11.02"]
[EventType "swiss"]
[EventRounds "8"]
[EventCountry "CAN"]

1. e4 c5 2. Nc3 Nc6 3. g3 g6 4. Bg2 Bg7 5. d3 d6 6. Be3 Nf6 7. h3 Bd7 8. Qd2
Qb6 9. Rb1 a6 10. Nge2 Qc7 11. O-O O-O 12. f4 e5 13. Rf2 Qc8 14. Kh2 Ne8 15.
Rbf1 f5 16. Nd5 Qd8 17. fxe5 Bxe5 18. Bg5 Qa5 19. Nec3 Ng7 20. Bh6 Rf7 21. Bxg7
Kxg7 22. exf5 Bxf5 23. Be4 Raf8 24. Bxf5 Rxf5 25. Rxf5 Rxf5 26. Rxf5 gxf5 27.
Qg5+ Kh8 28. Qxf5 Qd8 29. Qf2 Nd4 30. Ne4 Kg7 31. c3 Ne6 32. Qf5 Nf8 33. Ng5
Qd7 34. Qf3 Ng6 35. Qh5 h6 36. Nf3 Qf7 37. Kg2 Qxd5 38. Qf5 Qxa2 39. Qd7+ Qf7
40. Nxe5 Nxe5 0-1

[Event "Semi-rapide ch"]
[Site "Gatineau CAN"]
[Date "2006.03.28"]
[Round "1"]
[White "Lacourse, Guy"]
[Black "Beland, Guy"]
[Result "1-0"]
[WhiteElo "1647"]
[BlackElo "1308"]
[PlyCount "59"]
[EventDate "2006.03.28"]
[EventType "swiss (rapid)"]
[EventRounds "4"]
[EventCountry "CAN"]

1. Nf3 c5 2. c4 Nc6 3. g3 e5 4. Nc3 Nf6 5. Bg2 Be7 6. O-O a6 7. d3 O-O 8. b3
Re8 9. Bb2 Nd4 10. Nxe5 d6 11. Nf3 Qd7 12. e3 Nxf3+ 13. Bxf3 Bd8 14. d4 Bb6 15.
Na4 Ba7 16. dxc5 dxc5 17. Bxf6 gxf6 18. Qxd7 Bxd7 19. Bxb7 Rab8 20. Bxa6 Bc6
21. Nc3 Rb6 22. Bb5 Rc8 23. Bxc6 Rbxc6 24. Rfd1 Bb8 25. Nd5 Kf8 26. a4 Be5 27.
Ra2 Rd6 28. f4 Bc3 29. Nxc3 Rxd1+ 30. Nxd1 1-0

[Event "Semi-rapide ch"]
[Site "Gatineau CAN"]
[Date "2006.03.28"]
[Round "2"]
[White "Villeneuve, Luc"]
[Black "Lacourse, Guy"]
[Result "1/2-1/2"]
[WhiteElo "1597"]
[BlackElo "1647"]
[PlyCount "95"]
[EventDate "2006.03.28"]
[EventType "swiss (rapid)"]
[EventRounds "4"]
[EventCountry "CAN"]

1. Nf3 Nf6 2. g3 g6 3. Bg2 Bg7 4. O-O O-O 5. d4 d5 6. c4 c6 7. b3 Nbd7 8. Nbd2
b6 9. Qc2 a5 10. Bb2 Ba6 11. Rfe1 Bh6 12. e3 e6 13. Rac1 Rc8 14. a3 Qe7 15. c5
bxc5 16. dxc5 Ra8 17. b4 axb4 18. axb4 Bb5 19. Ra1 Rfb8 20. Nd4 Rxa1 21. Rxa1
Qd8 22. N4b3 Ne8 23. Na5 Qc7 24. Rb1 Bg7 25. e4 Ne5 26. Bf1 Bxf1 27. Kxf1 Rxb4
28. Bxe5 Rxb1+ 29. Nxb1 Bxe5 30. Qa4 Qb8 31. Na3 Bb2 32. Nxc6 Qc7 33. exd5 exd5
34. Qa8 Bxa3 35. Qxe8+ Kg7 36. Ne7 Qxc5 37. Qg8+ Kf6 38. Nc8 Qf8 39. Qxf8 Bxf8
40. Nb6 d4 41. Nd7+ Kg7 42. Nxf8 Kxf8 43. Ke2 Ke7 44. Kd3 Ke6 45. Kxd4 Kd6 46.
f4 f5 47. h4 h5 48. Kc4 1/2-1/2

[Event "Semi-rapide ch"]
[Site "Gatineau CAN"]
[Date "2006.03.28"]
[Round "3"]
[White "Scantland, Patrick"]
[Black "Lacourse, Guy"]
[Result "0-1"]
[WhiteElo "1603"]
[BlackElo "1647"]
[PlyCount "62"]
[EventDate "2006.03.28"]
[EventType "swiss (rapid)"]
[EventRounds "4"]
[EventCountry "CAN"]

1. Nf3 Nf6 2. c4 c5 3. g3 g6 4. Bg2 Bg7 5. Nc3 Nc6 6. d3 d6 7. O-O O-O 8. a3 e6
9. Rb1 a5 10. Bg5 h6 11. Bd2 Kh7 12. Re1 d5 13. e3 dxc4 14. dxc4 Nd7 15. Nb5
Nde5 16. Bc3 Qxd1 17. Rbxd1 Nxf3+ 18. Bxf3 Bxc3 19. Nxc3 Ne5 20. Bg2 Nxc4 21.
b3 Nxa3 22. Rd2 Rb8 23. Ra1 b5 24. Rxa3 b4 25. Rxa5 bxc3 26. Rc2 Rxb3 27. Rxc5
Rb1+ 28. Bf1 Ba6 29. R5xc3 Bxf1 30. Rc1 Rxc1 31. Rxc1 Ba6 0-1

[Event "Semi-rapide ch"]
[Site "Gatineau CAN"]
[Date "2006.03.28"]
[Round "4"]
[White "Lacourse, Guy"]
[Black "Libersan, Mattieu"]
[Result "1-0"]
[WhiteElo "1647"]
[BlackElo "1725"]
[PlyCount "95"]
[EventDate "2006.03.28"]
[EventType "swiss (rapid)"]
[EventRounds "4"]
[EventCountry "CAN"]

1. Nf3 f5 2. c4 e6 3. b3 Nf6 4. Bb2 Be7 5. d3 O-O 6. g3 b6 7. Bg2 Bb7 8. O-O
Nc6 9. Nbd2 Qe8 10. e4 fxe4 11. Nxe4 Nxe4 12. dxe4 d6 13. e5 Rd8 14. Qe2 dxe5
15. Nxe5 Bf6 16. Nxc6 Bxc6 17. Bxc6 Qxc6 18. Rad1 Bxb2 19. Qxb2 Qf3 20. Rxd8
Rxd8 21. Qe5 Qf7 22. Re1 Rd2 23. Re2 Rxe2 24. Qxe2 Qf5 25. Qd2 h6 26. h4 c6 27.
Kg2 Qe5 28. Qd8+ Kh7 29. Qd3+ Qf5 30. Qxf5+ exf5 31. Kf3 g5 32. hxg5 hxg5 33.
Ke3 Kg7 34. Kd4 Kf6 35. c5 Ke6 36. cxb6 axb6 37. b4 Kd6 38. f3 Ke6 39. a4 Kd6
40. a5 c5+ 41. bxc5+ bxc5+ 42. Kc4 Kc6 43. a6 Kb6 44. a7 Kxa7 45. Kxc5 Kb7 46.
Kd5 Kc7 47. Ke5 g4 48. f4 1-0

[Event "September TNT"]
[Site "Winnipeg CAN"]
[Date "2006.09.05"]
[Round "1"]
[White "Babb, Jeff"]
[Black "Silva, T Romeo"]
[Result "1-0"]
[WhiteElo "2131"]
[BlackElo "1772"]
[PlyCount "75"]
[EventDate "2006.09.26"]
[EventType "swiss"]
[EventRounds "4"]
[EventCountry "CAN"]

1. c4 b6 2. Nc3 c5 3. Nf3 e6 4. g3 Bb7 5. Bg2 Nf6 6. O-O Be7 7. d3 O-O 8. e4 d6
9. a3 a6 10. Rb1 Qc7 11. Nh4 e5 12. Nf5 Bd8 13. Bd2 Nbd7 14. b4 Rb8 15. f4 Ba8
16. Qa4 Bb7 17. Ne3 Ra8 18. Qd1 Be7 19. f5 Rab8 20. g4 h6 21. Qf3 Bd8 22. h4
Bc6 23. b5 Bb7 24. bxa6 Bxa6 25. Qg3 Kh7 26. Rb3 Bb7 27. Nb5 Qc6 28. Bf3 Ba6
29. Kf2 Bxb5 30. Rxb5 Ra8 31. Bc1 Ne8 32. g5 g6 33. Rg1 Rg8 34. Bg4 Nc7 35. Qh3
Nf8 36. h5 Nxb5 37. hxg6+ Kh8 38. Qxh6+ 1-0

[Event "September TNT"]
[Site "Winnipeg CAN"]
[Date "2006.09.05"]
[Round "1"]
[White "Cleto, Sam"]
[Black "Green, Aaron"]
[Result "1-0"]
[WhiteElo "1802"]
[BlackElo "1350"]
[PlyCount "57"]
[EventDate "2006.09.26"]
[EventType "swiss"]
[EventRounds "4"]
[EventCountry "CAN"]

1. e4 e5 2. Nf3 Nc6 3. Bc4 h6 4. O-O Nf6 5. Re1 Bc5 6. b4 Bxb4 7. c3 Ba5 8. d3
O-O 9. Nh4 d6 10. Be3 Be6 11. Bb3 Nxe4 12. Bxe6 Qxh4 13. g3 Qe7 14. Bd5 Nxc3
15. Nxc3 Bxc3 16. Qg4 Qf6 17. Rab1 Bxe1 18. Rxe1 Rab8 19. Rf1 Ne7 20. Bb3 a6
21. f4 Qf5 22. Qe2 Nc6 23. g4 Qf6 24. g5 hxg5 25. fxg5 Qe7 26. Qh5 g6 27. Qxg6+
Kh8 28. Qh6+ Kg8 29. Rf6 1-0

[Event "September TNT"]
[Site "Winnipeg CAN"]
[Date "2006.09.05"]
[Round "1"]
[White "Essery, Richard"]
[Black "Van Wyk, Joseph"]
[Result "0-1"]
[WhiteElo "1544"]
[BlackElo "1813"]
[PlyCount "60"]
[EventDate "2006.09.26"]
[EventType "swiss"]
[EventRounds "4"]
[EventCountry "CAN"]

1. d4 d5 2. Nf3 Nf6 3. Bf4 c5 4. e3 Nc6 5. c3 Bf5 6. Bd3 Bxd3 7. Qxd3 Qb6 8. b3
c4 9. Qc2 Na5 10. Nbd2 cxb3 11. axb3 Rc8 12. Qa2 Rxc3 13. O-O Nc6 14. Qb2 Rd3
15. Ne1 Rxd2 16. Qxd2 Qxb3 17. Nf3 Ne4 18. Qa2 Qxa2 19. Rxa2 f6 20. h4 e6 21.
Rb2 Bb4 22. Rc1 a5 23. Bc7 Ba3 24. Rxc6 Bxb2 25. Rb6 Bc3 26. Rxb7 O-O 27. Rb3
Ra8 28. Kf1 a4 29. Ra3 Bb2 30. Ra2 a3 0-1

[Event "September TNT"]
[Site "Winnipeg CAN"]
[Date "2006.09.05"]
[Round "1"]
[White "Green, Jim"]
[Black "Czypinski, Jaroslaw"]
[Result "1-0"]
[WhiteElo "1683"]
[BlackElo "1898"]
[PlyCount "87"]
[EventDate "2006.09.26"]
[EventType "swiss"]
[EventRounds "4"]
[EventCountry "CAN"]

1. e4 d5 2. exd5 Nf6 3. d4 Nxd5 4. c4 Nb6 5. Nf3 Bg4 6. Be2 e6 7. O-O Nc6 8. b3
Be7 9. h3 Bh5 10. Be3 O-O 11. Nc3 Bf6 12. Ne4 Bxf3 13. Nxf6+ Qxf6 14. Bxf3 Rfd8
15. Bxc6 bxc6 16. Qg4 Rd7 17. Rad1 Qg6 18. Qf3 e5 19. dxe5 Rad8 20. Rxd7 Rxd7
21. Rd1 Qe6 22. Rxd7 Qxd7 23. Qg4 Qe8 24. Bd4 g6 25. f4 Qc8 26. Qxc8+ Nxc8 27.
Bc5 a6 28. Kf2 Kg7 29. Ke3 f6 30. exf6+ Kxf6 31. Ke4 h5 32. g4 hxg4 33. hxg4
Ke6 34. a3 Kf6 35. b4 Ke6 36. f5+ gxf5+ 37. gxf5+ Kf6 38. Bd4+ Kf7 39. Bc5 Kf6
40. a4 Kf7 41. Ke5 Ne7 42. Bxe7 Kxe7 43. f6+ Kf7 44. c5 1-0

[Event "September TNT"]
[Site "Winnipeg CAN"]
[Date "2006.09.05"]
[Round "1"]
[White "Nguyen, Huy"]
[Black "Mundwiler, Les"]
[Result "0-1"]
[WhiteElo "1759"]
[BlackElo "2028"]
[PlyCount "101"]
[EventDate "2006.09.26"]
[EventType "swiss"]
[EventRounds "4"]
[EventCountry "CAN"]

1. Nf3 d5 2. e3 Nf6 3. g3 Bg4 4. Bg2 c6 5. d4 e6 6. O-O Nbd7 7. c3 b5 8. Nbd2
a5 9. Re1 Ne4 10. h3 Bh5 11. Qc2 Nxd2 12. Nxd2 f5 13. b3 a4 14. Bb2 Be7 15. c4
a3 16. Bc1 b4 17. e4 fxe4 18. Nxe4 O-O 19. cxd5 cxd5 20. Nc5 Nxc5 21. dxc5 Bf6
22. Bf4 Bxa1 23. Rxa1 Qf6 24. Rc1 Qb2 25. c6 Bg6 26. Qc5 Rac8 27. c7 Qxa2 28.
Be5 Qd2 29. Rf1 a2 30. Ba1 Bd3 31. Qe7 Qh6 32. Re1 Rfe8 33. Qd7 Be4 34. Bxe4
dxe4 35. Be5 Qg5 36. Qd4 Qf5 37. g4 Qf3 38. Re3 Qf7 39. Qb2 Rxc7 40. Bxc7 Qxc7
41. Qxa2 Qc1+ 42. Kg2 Qc6 43. Qe2 Rd8 44. Rxe4 Rd4 45. f3 Rd6 46. Qc4 Qd7 47.
Qxb4 Rd2+ 48. Kg3 Qc7+ 49. f4 Rd3+ 50. Kh4 g5+ 51. Kxg5 0-1

[Event "September TNT"]
[Site "Winnipeg CAN"]
[Date "2006.09.05"]
[Round "1"]
[White "Oberton, Daniel"]
[Black "Wood, Nathan"]
[Result "1-0"]
[WhiteElo "1816"]
[BlackElo "1579"]
[PlyCount "75"]
[EventDate "2006.09.26"]
[EventType "swiss"]
[EventRounds "4"]
[EventCountry "CAN"]

1. e4 Nf6 2. e5 Nd5 3. c4 Nb6 4. c5 Nd5 5. Nc3 Nxc3 6. bxc3 d6 7. cxd6 exd6 8.
exd6 Bxd6 9. d4 O-O 10. Bd3 Re8+ 11. Ne2 Bg4 12. Be3 Nd7 13. h3 Qh4 14. Qd2 c5
15. O-O-O Bxe2 16. Bxe2 cxd4 17. Qxd4 Qxd4 18. Rxd4 Ba3+ 19. Kc2 Ne5 20. Bb5
Rec8 21. Bf4 Ng6 22. Bd7 Rf8 23. Bc7 Bc5 24. Rd2 a6 25. Rb1 b5 26. Bg3 Ba7 27.
Bd6 Rfd8 28. Bc6 Rac8 29. Bb7 Rc4 30. Bb4 Rxd2+ 31. Kxd2 Bxf2 32. Bxa6 Nh4 33.
Bxb5 Rf4 34. Bd6 Rf6 35. Bd3 Ba7 36. Rb7 Rxd6 37. Rxa7 h5 38. Ra8+ 1-0

[Event "September TNT"]
[Site "Winnipeg CAN"]
[Date "2006.09.05"]
[Round "1"]
[White "Repa, Jason"]
[Black "Pottinger, Carl"]
[Result "1-0"]
[WhiteElo "1960"]
[BlackElo "1721"]
[PlyCount "37"]
[EventDate "2006.09.26"]
[EventType "swiss"]
[EventRounds "4"]
[EventCountry "CAN"]

1. f4 d5 2. b3 d4 3. Nf3 c5 4. Bb2 Nf6 5. Na3 g6 6. e3 dxe3 7. dxe3 Qa5+ 8. Qd2
Qxd2+ 9. Nxd2 Bg7 10. Bb5+ Bd7 11. Bxd7+ Nbxd7 12. O-O O-O 13. e4 Rfd8 14. e5
Nd5 15. Ne4 e6 16. c4 Nxf4 17. Rxf4 Nxe5 18. Nf6+ Kh8 19. Bxe5 1-0

[Event "September TNT"]
[Site "Winnipeg CAN"]
[Date "2006.09.05"]
[Round "1"]
[White "Trueman, Francis"]
[Black "Rutter, Blair"]
[Result "0-1"]
[WhiteElo "1447"]
[BlackElo "1803"]
[PlyCount "50"]
[EventDate "2006.09.26"]
[EventType "swiss"]
[EventRounds "4"]
[EventCountry "CAN"]

1. Nf3 d5 2. d3 c5 3. c3 Nc6 4. Nbd2 e5 5. e4 d4 6. c4 f5 7. g3 Nf6 8. Qe2 Nb4
9. Nb3 fxe4 10. Nxe5 Bd6 11. a3 Bxe5 12. axb4 Bg4 13. Qc2 Bf3 14. Rg1 O-O 15.
Nxc5 exd3 16. Qxd3 Ng4 17. Bg2 Nxf2 18. Qd2 Bxg2 19. Rxg2 Qe7 20. Qe2 d3 21.
Qe3 Rae8 22. Bd2 Bxb2 23. Ra2 Qxe3+ 24. Bxe3 Rxe3+ 25. Kd2 Re2# 0-1

[Event "September TNT"]
[Site "Winnipeg CAN"]
[Date "2006.09.12"]
[Round "2"]
[White "Booth, Kevin"]
[Black "Nguyen, Huy"]
[Result "0-1"]
[WhiteElo "1606"]
[BlackElo "1759"]
[PlyCount "56"]
[EventDate "2006.09.26"]
[EventType "swiss"]
[EventRounds "4"]
[EventCountry "CAN"]

1. d4 d5 2. c4 c6 3. cxd5 cxd5 4. Nc3 Nf6 5. Bf4 e6 6. e3 Be7 7. Bb5+ Nc6 8.
Nge2 a6 9. Ba4 O-O 10. a3 b5 11. Bc2 b4 12. axb4 Nxb4 13. O-O Bd6 14. Bg5 Bxh2+
15. Kh1 Bb8 16. Bb1 h6 17. Bh4 g5 18. Bg3 Nh5 19. Ra4 a5 20. Kh2 f5 21. Ng1
Nxg3 22. fxg3 Ra7 23. Qh5 Kh7 24. Nf3 Bd7 25. Ra3 Be8 26. Qh3 Bd6 27. Ra1 g4
28. Qh4 Be7 0-1

[Event "September TNT"]
[Site "Winnipeg CAN"]
[Date "2006.09.12"]
[Round "2"]
[White "Clark, Jeff"]
[Black "Oberton, Daniel"]
[Result "0-1"]
[WhiteElo "1790"]
[BlackElo "1816"]
[PlyCount "79"]
[EventDate "2006.09.26"]
[EventType "swiss"]
[EventRounds "4"]
[EventCountry "CAN"]

1. Nf3 Nf6 2. c4 g6 3. Nc3 Bg7 4. e4 d6 5. d4 O-O 6. Be2 Nbd7 7. O-O e5 8. d5
a5 9. Re1 Nc5 10. Bf1 c6 11. Bg5 h6 12. Bxf6 Qxf6 13. Qc2 Qe7 14. Rad1 f5 15.
Nd2 fxe4 16. Ndxe4 Nxe4 17. Nxe4 Bf5 18. c5 cxd5 19. Rxd5 dxc5 20. Rxc5 Rac8
21. Bc4+ Be6 22. Bxe6+ Qxe6 23. Qb3 Qxb3 24. axb3 Rxc5 25. Nxc5 b5 26. Nd3 Rd8
27. Nc5 Rd2 28. Rb1 Bf8 29. Ne4 Rd3 30. Ra1 Rxb3 31. Rxa5 Rxb2 32. f3 Be7 33.
Ra7 Kf7 34. Rd7 Ke6 35. Rd3 b4 36. g4 Ra2 37. Rd1 b3 38. Rb1 b2 39. Nc3 Ra1 40.
Kf2 0-1

[Event "September TNT"]
[Site "Winnipeg CAN"]
[Date "2006.09.12"]
[Round "2"]
[White "Czypinski, Jaroslaw"]
[Black "Prince, Colin"]
[Result "1-0"]
[WhiteElo "1898"]
[BlackElo "1822"]
[PlyCount "99"]
[EventDate "2006.09.26"]
[EventType "swiss"]
[EventRounds "4"]
[EventCountry "CAN"]

1. e4 e5 2. Nf3 Nc6 3. Bb5 a6 4. Bxc6 dxc6 5. d4 exd4 6. Qxd4 Qxd4 7. Nxd4 Nf6
8. Nc3 Bd7 9. Be3 O-O-O 10. f3 Ne8 11. e5 c5 12. Nb3 b6 13. O-O-O c6 14. Ne4
Be7 15. a4 a5 16. Ng5 Bxg5 17. Bxg5 f6 18. exf6 Nxf6 19. Bxf6 gxf6 20. Rd6 Rhe8
21. Rhd1 Re2 22. R6d2 Rxd2 23. Nxd2 Bf5 24. Nc4 Rxd1+ 25. Kxd1 Kc7 26. Kd2 Be6
27. Kd3 Bxc4+ 28. Kxc4 Kd6 29. Kd3 Ke5 30. g3 Kd5 31. c4+ Ke5 32. f4+ Kf5 33.
h3 h5 34. Ke3 Ke6 35. g4 hxg4 36. hxg4 Kd6 37. Kf3 Ke7 38. f5 Kf7 39. Kf4 Kg7
40. g5 Kf7 41. gxf6 Kxf6 42. Ke4 Kf7 43. Ke5 Ke7 44. f6+ Kf7 45. Kf5 Kf8 46.
Ke6 Ke8 47. f7+ Kf8 48. Kf6 b5 49. cxb5 cxb5 50. axb5 1-0

[Event "September TNT"]
[Site "Winnipeg CAN"]
[Date "2006.09.12"]
[Round "2"]
[White "Green, Aaron"]
[Black "Essery, Richard"]
[Result "0-1"]
[WhiteElo "1350"]
[BlackElo "1544"]
[PlyCount "88"]
[EventDate "2006.09.26"]
[EventType "swiss"]
[EventRounds "4"]
[EventCountry "CAN"]

1. e4 d5 2. exd5 Qxd5 3. Nc3 Qa5 4. d4 Nf6 5. Bd3 Bg4 6. Nf3 c6 7. Bd2 Qc7 8.
h3 Bh5 9. g4 Bg6 10. Ne5 e6 11. f4 Bxd3 12. Nxd3 Bd6 13. Qf3 h6 14. Ne4 Nxe4
15. Qxe4 Nd7 16. c4 Nf6 17. Qf3 O-O-O 18. O-O-O Be7 19. Be3 Qa5 20. Kb1 Nd7 21.
c5 Nf6 22. Ne5 Rhf8 23. Bd2 Qa4 24. Bc3 Nd5 25. b3 Qb5 26. Nc4 Rd7 27. Ne5 Rc7
28. Kb2 a5 29. a4 Qa6 30. Rhf1 f6 31. Ng6 Rf7 32. Nh8 Rf8 33. Ng6 Re8 34. Nxe7+
Rexe7 35. Qd3 Qa7 36. Rde1 b6 37. cxb6 Qxb6 38. f5 Rb7 39. Qc2 exf5 40. Rxe7
Rxe7 41. Qxf5+ Kb8 42. Rf3 Re2+ 43. Ka3 Nxc3 44. Rxc3 Qb4# 0-1

[Event "September TNT"]
[Site "Winnipeg CAN"]
[Date "2006.09.12"]
[Round "2"]
[White "Green, Jim"]
[Black "Kwiatek, Jordan"]
[Result "1-0"]
[WhiteElo "1683"]
[BlackElo "1811"]
[PlyCount "61"]
[EventDate "2006.09.26"]
[EventType "swiss"]
[EventRounds "4"]
[EventCountry "CAN"]

1. e4 d6 2. d4 Nf6 3. Nc3 g6 4. f3 c6 5. Bc4 Nbd7 6. Be3 b5 7. Bb3 a5 8. a3 Bg7
9. Nge2 h5 10. Qd2 Nb6 11. O-O a4 12. Ba2 Nc4 13. Bxc4 bxc4 14. Rfb1 h4 15. b4
cxb3 16. cxb3 axb3 17. Rxb3 h3 18. g3 Qa5 19. Rb4 Qh5 20. Kf2 Nd7 21. Nf4 Qh7
22. Nd3 O-O 23. a4 f5 24. e5 dxe5 25. dxe5 Bxe5 26. Rh4 Qg7 27. Nxe5 Qxe5 28.
Bd4 Qd6 29. Rd1 Qe6 30. Re1 Qc4 31. Qh6 1-0

[Event "September TNT"]
[Site "Winnipeg CAN"]
[Date "2006.09.12"]
[Round "2"]
[White "Mundwiler, Les"]
[Black "Adol, Deng"]
[Result "0-1"]
[WhiteElo "2028"]
[BlackElo "1785"]
[PlyCount "58"]
[EventDate "2006.09.26"]
[EventType "swiss"]
[EventRounds "4"]
[EventCountry "CAN"]

1. d4 d5 2. c4 dxc4 3. e4 b5 4. Nf3 Bb7 5. Qc2 Nf6 6. Nbd2 e6 7. a3 Be7 8. Be2
O-O 9. O-O Nbd7 10. e5 Nd5 11. Ne4 c5 12. Neg5 g6 13. b3 cxb3 14. Qxb3 cxd4 15.
Bxb5 Rb8 16. Bxd7 Qxd7 17. Qd3 Nc7 18. Qxd4 Qxd4 19. Nxd4 Rbc8 20. Ngf3 Nd5 21.
Bg5 Bxg5 22. Nxg5 Rfd8 23. Rfc1 Nf4 24. Rxc8 Rxc8 25. g3 Nd3 26. Nb5 Rc2 27.
Nd6 Bc6 28. Nde4 h6 29. Rd1 hxg5 0-1

[Event "September TNT"]
[Site "Winnipeg CAN"]
[Date "2006.09.12"]
[Round "2"]
[White "Pottinger, Carl"]
[Black "Trueman, Francis"]
[Result "1-0"]
[WhiteElo "1721"]
[BlackElo "1447"]
[PlyCount "59"]
[EventDate "2006.09.26"]
[EventType "swiss"]
[EventRounds "4"]
[EventCountry "CAN"]

1. c4 e5 2. g3 Nf6 3. Bg2 Bc5 4. e3 O-O 5. Ne2 Nc6 6. a3 d6 7. O-O Bf5 8. d4
exd4 9. exd4 Bb6 10. b4 a5 11. c5 dxc5 12. dxc5 Qxd1 13. Rxd1 Rad8 14. Nbc3
Rxd1+ 15. Nxd1 Re8 16. Be3 Ba7 17. h3 Ne5 18. Ndc3 c6 19. Bd4 Bb8 20. Kh2 h5
21. bxa5 h4 22. Ra2 Bc7 23. Rb2 Bxa5 24. Rxb7 Bc8 25. Rb8 Nfd7 26. Ra8 Bxc3 27.
Nxc3 g5 28. Ne4 g4 29. Bxe5 hxg3+ 30. Bxg3 1-0

[Event "September TNT"]
[Site "Winnipeg CAN"]
[Date "2006.09.12"]
[Round "2"]
[White "Rutter, Blair"]
[Black "Babb, Jeff"]
[Result "0-1"]
[WhiteElo "1803"]
[BlackElo "2131"]
[PlyCount "96"]
[EventDate "2006.09.26"]
[EventType "swiss"]
[EventRounds "4"]
[EventCountry "CAN"]

1. c4 Nf6 2. g3 g6 3. Bg2 Bg7 4. Nc3 O-O 5. e4 d6 6. d3 Nc6 7. Nge2 Rb8 8. O-O
a6 9. d4 b5 10. e5 dxe5 11. Bxc6 exd4 12. Qxd4 Nd7 13. Qd3 b4 14. Ne4 Ne5 15.
Qxd8 Rxd8 16. Ba4 Bh3 17. Rd1 Bg4 18. Rxd8+ Rxd8 19. Nf4 Nxc4 20. Be3 Nxb2 21.
Bb3 a5 22. Ng5 e6 23. Rc1 a4 24. Bc2 e5 25. Ng2 h6 26. Ne4 Be6 27. Nc5 Bxa2 28.
Nxa4 Nxa4 29. Bxa4 b3 30. Re1 Rb8 31. f4 b2 32. Bc2 b1=Q 33. Bxb1 Rxb1 34. Kf2
Rxe1 35. Nxe1 exf4 36. Bxf4 c6 37. Nd3 g5 38. Bd6 Bd4+ 39. Kf3 Bd5+ 40. Kg4 Be4
41. Ne5 Kg7 42. Nd7 f5+ 43. Kh3 Kg6 44. g4 fxg4+ 45. Kg3 h5 46. Nf8+ Kf5 47. h4
gxh3 48. Kxh3 c5 0-1

[Event "September TNT"]
[Site "Winnipeg CAN"]
[Date "2006.09.12"]
[Round "2"]
[White "Van Wyk, Joseph"]
[Black "Cleto, Sam"]
[Result "0-1"]
[WhiteElo "1813"]
[BlackElo "1802"]
[PlyCount "72"]
[EventDate "2006.09.26"]
[EventType "swiss"]
[EventRounds "4"]
[EventCountry "CAN"]

1. e4 c5 2. c3 d6 3. d4 cxd4 4. cxd4 g6 5. Nf3 Bg7 6. Bc4 Nf6 7. Nc3 O-O 8. O-O
a6 9. Bg5 b5 10. Bd3 Nbd7 11. Qd2 Bb7 12. Rfe1 b4 13. Na4 Qa5 14. b3 Bc6 15.
Nb2 Bb5 16. a3 d5 17. e5 Bxd3 18. exf6 exf6 19. Nxd3 fxg5 20. Nxb4 Rfe8 21.
Rxe8+ Rxe8 22. Qxg5 Nf6 23. h3 h6 24. Qf4 Qb5 25. Qd6 a5 26. Qc6 Qe2 27. Nxd5
Nxd5 28. Qxd5 Qb2 29. Rd1 Re2 30. Rf1 Qxa3 31. Ne5 Bxe5 32. dxe5 Qa2 33. Rc1
Qb2 34. Rc8+ Kg7 35. f4 Re1+ 36. Kh2 Qf2 0-1

[Event "September TNT"]
[Site "Winnipeg CAN"]
[Date "2006.09.19"]
[Round "3"]
[White "Babb, Jeff"]
[Black "Cleto, Sam"]
[Result "1-0"]
[WhiteElo "2131"]
[BlackElo "1802"]
[PlyCount "81"]
[EventDate "2006.09.26"]
[EventType "swiss"]
[EventRounds "4"]
[EventCountry "CAN"]

1. Nf3 d5 2. b3 Nf6 3. Bb2 e6 4. e3 c5 5. Ne5 Nbd7 6. f4 Be7 7. Nxd7 Bxd7 8. d3
Qb6 9. Nd2 Rd8 10. Qe2 O-O 11. g4 Bc6 12. Bg2 c4 13. Bd4 Qa5 14. g5 cxd3 15.
gxf6 dxe2 16. fxe7 Rc8 17. exf8=Q+ Kxf8 18. Kxe2 g6 19. a4 Bd7 20. Rhc1 Qd8 21.
Nf3 Qa5 22. Kf2 Ke7 23. Bf1 f6 24. c3 a6 25. b4 Qd8 26. h4 Kf7 27. Bd3 Rc4 28.
Rg1 Rxd4 29. cxd4 Qb6 30. b5 Qa5 31. bxa6 bxa6 32. Rgc1 Kg7 33. Rc5 Qd8 34. a5
Kh6 35. Rb1 e5 36. dxe5 fxe5 37. Rxd5 Qc7 38. Nxe5 Bb5 39. Rd1 Ba4 40. Rd2 Qc1
41. Bf1 1-0